00337nam a2200109Ia 4500008004100000082000800041100001800049245004200067942000600109952009700115999001500212240331s9999 xx 000 0 und d bWIJ aWijesekera, N 0aContacts and conflicts with Sri Lanka cL 001040708LaWERCLbWERCLcSSCd2024-03-31l0o 303.6 WIJp3517r2024-03-31w2024-03-31yL c1328d1328